Top 300 Girls' Names of the 1970s (Spellings Combined) Quiz Stats

 Plays Quiz not verified by Sporcle

Challenge
Share
Tweet
Embed
Score 0/300 Timer 20:00
3 Plays Today
- Name % Correct
61Ann
96.2%
23Mary
96.2%
1Jennifer
95.5%
21Katherine
94.9%
73Anna
94.6%
17Christy
94.2%
96Jenny
94.1%
3Amy
93.7%
24Laura
93.6%
20Jessica
93.2%
49Maria
93.1%
19Elizabeth
92.8%
10Sarah
92.1%
37Rachel
92.1%
226Jane
91.9%
6Lisa
91.8%
13Christina
91.7%
2Michelle
91.4%
26Julie
91.3%
4Melissa
91.1%
25Christine
91%
26Amanda
90.8%
129Julia
90.6%
125Carol
90.5%
154Marie
90.3%
165Angel
90%
118Carolyn
89.8%
201Caroline
89.8%
44Patricia
89.3%
70Linda
89.2%
18Rebecca
89.1%
130Lauren
89.1%
103Margaret
88.9%
38Susan
88.8%
292Joan
88.6%
11Stephanie
88.5%
5Kimberly
88.1%
76Emily
88.1%
31Karen
88%
7Angela
87.9%
12Nicole
87.7%
220Rose
87.7%
9Kelly
87.3%
139Kim
87.2%
90Diana
86.8%
115Janet
86.6%
105Victoria
86.1%
72Donna
86%
55Allison
85.9%
112Beth
85.8%
108Diane
85.2%
219Ellen
85.1%
16Carrie
84.9%
8Heather
84.8%
39Andrea
84.4%
84Barbara
84.4%
71Sharon
84.1%
146Jean
84.1%
133Joanne
83.8%
140Katie
83.8%
110Samantha
83.4%
106Natalie
82.9%
223Alice
82.8%
33Teresa
82.7%
52Sandra
82.7%
53Erin
82.3%
43Wendy
82.2%
42Deborah
82.1%
69Megan
82%
74Brenda
81.9%
59Alicia
81.4%
218Helen
81.4%
45Erica
81.2%
15Stacy
80.8%
75Kathleen
80.8%
67Jacqueline
80.7%
14Tracy
80.6%
128Ashley
80.6%
191Ruth
80.5%
119Leah
80.3%
87Nancy
80.3%
274Olivia
80.3%
81Gina
80.2%
54Danielle
79.8%
80Amber
79.8%
64Melanie
79.7%
46Cynthia
79.5%
30Lori
79.4%
160Molly
79.4%
58Pamela
79.3%
92Carla
79.3%
111Vanessa
79.2%
284Alexandra
79.2%
41Tina
79%
100Cindy
79%
60Holly
78.7%
237Judy
78.4%
203Rosa
77.9%
35Kristen
77.9%
179Joanna
77.9%
- Name % Correct
198Charlotte
77.9%
243Evelyn
77.8%
56Monica
77.6%
197Frances
77.5%
101Paula
77.5%
167Janice
77.4%
94Kathy
77.2%
93Valerie
76.7%
68Dana
76.6%
245Judith
76.3%
134Lynn
75.8%
29Shannon
75.5%
65Jill
75.2%
91Veronica
75.1%
62Denise
74.9%
34Crystal
74.4%
204Bethany
74.3%
78Cheryl
74.3%
40Sherry
73.9%
36Dawn
73.8%
102Suzanne
73.8%
236Audrey
73.8%
22Tonya
73.6%
158Martha
73.2%
28Tammy
73.1%
263Eva
71.8%
131Cassandra
71.7%
32Jamie
71.6%
107Kara
71.6%
286Abigail
71.5%
66Leslie
71.5%
298Faith
71.3%
48April
71.2%
246Elaine
71.1%
50Tara
70.9%
297Angelina
70.4%
136Joy
70.3%
215Dorothy
70.3%
194Alyssa
70.2%
268Irene
70.1%
51Tiffany
70%
168Bonnie
70%
214Betty
70%
281Nina
69.8%
95Terri
69.2%
206Debbie
69.2%
120Courtney
69%
185Gloria
68.8%
89Melinda
68.7%
221Sandy
68.4%
224Hope
68.3%
235Eileen
68.1%
157Connie
67.7%
85Tamara
67%
132Lindsay
67%
192Wanda
67%
244Jackie
66.8%
152Jeanette
66.1%
271Esther
65.4%
63Jodi
65.2%
77Shelly
64.8%
293Ruby
64.3%
247Angelica
64%
264Lydia
63.8%
121Vicki
63.5%
83Rhonda
63.5%
88Heidi
63.4%
57Robin
63.1%
127Colleen
63.1%
123Candace
62.4%
138Natasha
62.3%
174Casey
62.2%
207Joyce
62.2%
216Darlene
62.2%
171Brooke
62.2%
240Sally
61.7%
98Sheila
61.5%
183Marisa
61.5%
144Marsha
61.5%
155Virginia
61.5%
229Maureen
61.3%
47Brandy
61.2%
230Rita
61%
170Marcy
60.7%
82Renee
60.7%
188Melody
60.6%
173Annette
60.4%
253Miranda
60.4%
137Mandy
60.1%
=Candy
59.9%
86Sonya
59.7%
148Anita
59.5%
104Krista
59.2%
184Becky
59%
199Belinda
58.6%
145Adrienne
58.3%
175Toni
58.1%
232Shirley
58.1%
279Autumn
58%
267Naomi
57.7%
- Name % Correct
164Yvonne
57.4%
249Kirsten
57.4%
97Deanna
57.2%
109Bridget
56.7%
272Marilyn
56.5%
162Mindy
56%
196Beverly
56%
159Carmen
55.6%
=Charlene
55.2%
193Penny
55.2%
114Regina
54.7%
126Sabrina
54.5%
189Claudia
53.2%
116Katrina
53.1%
79Misty
53%
269Elena
52.7%
169Kendra
52.4%
166Meredith
52.4%
178Yvette
52.2%
176Sylvia
52%
99Tricia
51.9%
208Cori
51.9%
231Peggy
51.5%
233Gail
51.5%
254Marianne
51.4%
258Hilary
51.1%
156Leigh
50.8%
181Nikki
50.4%
161Monique
50.4%
259Susana
50.1%
270Roberta
50.1%
122Felicia
49.8%
283Lorraine
49.4%
225Summer
49.3%
187Angie
48.1%
142Dena
47.9%
278Cecilia
47.8%
113Yolanda
47.7%
256Priscilla
46.2%
153Tabitha
46%
205Shawn
45.5%
273Gwendolyn
44.4%
202Leanne
44%
163Janine
43.7%
234Desiree
43%
211Gretchen
42.9%
262Loretta
42.8%
117Shawna
42.5%
227Corina
42.3%
288Marla
42%
241Roxanne
41%
282Adriana
40.4%
242Billie
40.4%
200Selena
40.2%
150Bobbie
40%
294Miriam
40%
209Lynette
39.8%
285Dolores
39.4%
261Jeannie
38.8%
172Janelle
38.7%
289Serena
38.3%
238Norma
38.2%
143Rochelle
37.7%
228Raquel
36.7%
277Lara
36.5%
239Juanita
36%
=Alisa
35.4%
141Shana
34.9%
255Jana
33.6%
210Latoya
32.9%
212Ginger
31.9%
295Ramona
31.6%
280Jolene
31.5%
180Tasha
30.9%
248Charity
30%
186Trina
30%
251Antoinette
29.6%
265Jeri
27.4%
276Ebony
26.2%
135Leticia
25.8%
250Chasity
24.9%
266Darcy
23.9%
147Keisha
23.4%
252Deidre
22.5%
177Latasha
20.5%
151Latonya
19.9%
257Chantel
18.9%
124Tamika
17.3%
290Angelia
16.8%
299Marisol
14.8%
275Tanisha
13.8%
149Lakisha
13.8%
222Cherie
12.5%
291Kenya
11.9%
300Aisha
10.4%
287Chandra
9.2%
217Katina
8.7%
195Shonda
8.1%
260Lashonda
6.7%
296Tawana
4.9%

You're not logged in!

Compare scores with friends on all Sporcle quizzes.
Join for Free
OR
Log In

You Might Also Like...

Show Comments

Extras

Top Quizzes Today


Score Distribution

Your Account Isn't Verified!

In order to create a playlist on Sporcle, you need to verify the email address you used during registration. Go to your Sporcle Settings to finish the process.

Report this User

Report this user for behavior that violates our Community Guidelines.

Details: